Cad trong điện & điện tử vi điều khiển và ứng dụng

Nội dung sách là các bài tập thực hành chủ yếu là lập trình và mô phỏng vi xử lý và vi điều khiển. Những ví dụ trong từng bài tập rất hữu ích, cung cấp cho bạn những ý tưởng để thiết kế các yêu cầu phức tạp hơn trong dân dụng cũng...

Deskribapen osoa

Gorde:
Xehetasun bibliografikoak
Egile nagusia: Lê Ngọc Bích
Beste egile batzuk: Phạm Quang Huy
Formatua: Liburua
Hizkuntza:Vietnamese
Argitaratua: H. Bách khoa Hà Nội 2016
Saila:Tủ sách STK
Gaiak:
Etiketak: Etiketa erantsi
Etiketarik gabe, Izan zaitez lehena erregistro honi etiketa jartzen!
Thư viện lưu trữ: Thư viện Trường Đại học Nam Cần Thơ
LEADER 01759nam a22002537a 4500
001 NCT_53565
008 181019b xxu||||| |||| 00| 0 vie d
999 |c 2567  |d 2567 
020 |a 9786049387784  |c 100000 
082 0 4 |2 23rd ed.  |a 621.30285  |b B302 
100 1 |a Lê Ngọc Bích 
245 1 0 |a Cad trong điện & điện tử vi điều khiển và ứng dụng  |c Lê Ngọc Bích, Phạm Quang Huy 
260 |a H.  |b Bách khoa Hà Nội  |c 2016 
300 |a 383 tr.  |b Minh họa  |c 24cm 
490 |a Tủ sách STK 
520 3 |a  Nội dung sách là các bài tập thực hành chủ yếu là lập trình và mô phỏng vi xử lý và vi điều khiển. Những ví dụ trong từng bài tập rất hữu ích, cung cấp cho bạn những ý tưởng để thiết kế các yêu cầu phức tạp hơn trong dân dụng cũng như trong công nghiệp.. 
653 |a Công nghệ kỹ thuật ô tô 
700 1 |a Phạm Quang Huy 
942 |2 ddc  |c BK 
952 |0 0  |1 0  |2 ddc  |4 0  |6 621_302850000000000_B302  |7 0  |9 14636  |a 000001  |b 000001  |d 2018-10-19  |l 1  |o 621.30285 B302  |p MD.13629  |r 2019-09-18  |s 2019-09-03  |v 100000.00  |w 2018-10-19  |y BK 
952 |0 0  |1 0  |2 ddc  |4 0  |6 621_302850000000000_B302  |7 0  |9 14637  |a 000001  |b 000001  |d 2018-10-19  |o 621.30285 B302  |p MD.13630  |r 2018-10-19  |v 100000.00  |w 2018-10-19  |y BK 
952 |0 0  |1 0  |2 ddc  |4 0  |6 621_302850000000000_B302  |7 0  |9 14638  |a 000001  |b 000001  |d 2018-10-19  |o 621.30285 B302  |p MD.13631  |r 2018-10-19  |v 100000.00  |w 2018-10-19  |y BK 
952 |0 0  |1 0  |2 ddc  |4 0  |6 621_302850000000000_B302  |7 0  |9 14639  |a 000001  |b 000001  |d 2018-10-19  |o 621.30285 B302  |p MD.13632  |r 2018-10-19  |v 100000.00  |w 2018-10-19  |y BK 
980 |a Thư viện Trường Đại học Nam Cần Thơ